| 000 | 00859nam a2200265 a 4500 | ||
|---|---|---|---|
| 001 | BRCA_4637 | ||
| 005 | 20190320204738.0 | ||
| 008 | 280910s1947----nyua######---#000-0#eng-# | ||
| 041 | _aeng | ||
| 044 | _anyu | ||
| 050 | 4 |
_aN8675 _b.O76 1947 |
|
| 100 | 1 |
_aOrmsbee, Thomas Hamilton _911734 |
|
| 245 | 1 | 0 |
_aPrime Antiques and their Current Prices _cby Thomas Hamilton Ormsbee. |
| 260 |
_aNueva York _bRobert M. McBride _c1947 |
||
| 300 |
_aviii, 412 p. _bil. _c34 cm. |
||
| 500 | _aIncluyen las subastas de ventas de antigüedades y arte de 1946-1947 | ||
| 500 | _aCatálogo de subasta inventariado por Banco de México como libro | ||
| 500 | _aD47 | ||
| 650 | 1 | 4 |
_aObjetos de arte _vCatálogos _911735 |
| 650 | 1 | 4 |
_aPinturas _vCatálogos _94930 |
| 650 | 1 | 4 |
_aPinturas _xPrecios _911736 |
| 650 | 1 | 4 |
_aArte _xPrecios _910347 |
| 902 | _aGFM | ||
| 942 |
_2lcc _cB |
||
| 999 |
_c4340 _d4340 |
||